Statistics for Top 7 NBA players at every position

Click here to take the quiz!

General Stats

  • This quiz has been taken 505 times
    (493 since last reset)
  • The average score is 10 of 35

Answer Stats

HintAnswer% Correct
SFLeBron James
89%
PGStephen Curry
82%
PGRussell Westbrook
74%
SFKevin Durant
70%
PGChris Paul
69%
SGKobe Bryant
63%
SGJames Harden
57%
SGDwyane Wade
56%
PFTim Duncan
53%
PGKyrie Irving
49%
CDwight Howard
43%
SFCarmelo Anthony
43%
PFBlake Griffin
39%
CMarc Gasol
36%
PGTony Parker
36%
SFPaul George
36%
CDeMarcus Cousins
32%
PFLaMarcus Aldridge
25%
CJoakim Noah
24%
SGMonta Ellis
12%
CBrook Lopez
11%
PFZach Randolph
9%
PFDavid Lee
6%
PFDirk Nowitzki
4%
PFKevin Love
4%
SFNicolas Batum
3%
PGDeron Williams
2%
PF/CPau Gasol
2%
SFRudy Gay
2%
PGRajon Rondo
2%
SFAndre Iguodala
2%
SGO.J. Mayo
2%
SGManu Ginobili
1%
CTyson Chandler
0%
SGEric Gordon
0%

Score Distribution

Percentile by Number Answered

Percent of People with Each Score

Your Score History

You have not taken this quiz since the last reset